000 00776nam a2200229 a 4500
999 _c7286
_d7286
001 7286
003 BD-JhCC
005 20220803134023.0
008 170926s2000 bg |||| ||| 000 0 ben d
020 _a9844101808
035 _a(BD-JhCC)7286
040 _aBD-JhCC
_dBD-JhCC
041 _aben
082 _a954. 92
_bRAH 2000.
100 _aরহমান, কাজী ফজলুর
245 _aআমলার দিনলিপি /
_cকাজী ফজলুর রহমান
260 _aঢাকা :
_bমাওলানা ব্রাদাস ৩৯ বাংলাবাজার,
_c2000.
300 _a১৩২ পৃ. ;
_c২২ সেমি.
650 _aPolitics and Government
_zBangladesh
942 _2ddc
_cBK
_02